Statistics for Mini Motorways Cities

Click here to take the quiz!

General Stats

  • This quiz has been taken 7 times
  • The average score is 7 of 12

Answer Stats

Answer% Correct
Los Angeles
100%
Dubai
71%
Moscow
71%
Munich
71%
Tokyo
71%
Beijing
57%
Dar Es Salaam
57%
Rio De Janeiro
57%
Zurich
57%
Manila
43%
Mexico City
43%
Wellington
29%

Score Distribution

Percentile by Number Answered

Percent of People with Each Score

Your Score History

You have not taken this quiz